[Event "Bergisch Gladbach-ch 24th"]
[Site "Bergisch Gladbach"]
[Date "2002.09.13"]
[Round "3"]
[White "Bosbach, Volker"]
[Black "Behle, Burkhard"]
[Result "0-1"]
[WhiteElo "1770"]
[BlackElo "1920"]
[PlyCount "54"]
[EventDate "2002.08.??"]
[EventType "swiss"]
[EventRounds "7"]
[EventCountry "GER"]
[SourceTitle "EXT 2005"]
[Source "ChessBase"]
[SourceDate "2004.11.15"]
[SourceVersion "1"]
[SourceVersionDate "2004.11.15"]
[SourceQuality "1"]

1. d4 Nf6 2. c4 c5 3. e3 e6 4. Nc3 d5 5. Nf3 Nc6 6. Be2 Be7 7. 0-0 0-0 8. Qc2 cxd4 9. exd4 dxc4 10. Bxc4 Nxd4 11. Nxd4 Qxd4 12. Bd3 Qh4 13. Re1 Bd7 14. Re3 g6 15. Rh3 Qb4 16. Qd2 e5 17. Rh6 Rfd8 18. a3 Qd4 19. Qe3 Qxe3 20. Bxe3 Ng4 21. Rh3 Nxf2 22. Rf3 Nxd3 23. Nd5 Bc5 24. Bxc5 Nxc5 25. Nf6+ Kg7 26. Raf1 e4 27. Rc3 Bb5 0-1

[Event "Bergisch Gladbach-ch 24th"]
[Site "Bergisch Gladbach"]
[Date "2002.09.06"]
[Round "2"]
[White "Behle, Burkhard"]
[Black "Brennecke, Lars Ake"]
[Result "1-0"]
[WhiteElo "1991"]
[BlackElo "1401"]
[PlyCount "65"]
[EventDate "2002.08.??"]
[EventType "swiss"]
[EventRounds "7"]
[EventCountry "GER"]
[SourceTitle "EXT 2005"]
[Source "ChessBase"]
[SourceDate "2004.11.15"]
[SourceVersion "1"]
[SourceVersionDate "2004.11.15"]
[SourceQuality "1"]

1. b4 e5 2. Bb2 Nc6 3. b5 Nd4 4. e3 Ne6 5. Bxe5 Bd6 6. Bxd6 cxd6 7. c4 Nf6 8. Nc3 0-0 9. Be2 b6 10. d4 Bb7 11. d5 Nc7 12. Nf3 a6 13. a4 axb5 14. axb5 Qe7 15. 0-0 Ne4 16. Rxa8 Rxa8 17. Nxe4 Qxe4 18. Bd3 Qe7 19. e4 Ne8 20. h3 Nf6 21. Re1 h6 22. Qc1 Qd8 23. Qc3 Ra5 24. Ra1 Qc7 25. Nd4 Qc5 26. Rxa5 bxa5 27. Nc2 Qa7 28. Qa3 Nh5 29. Qxd6 Bc8 30. g4 Nf6 31. e5 Ne8 32. Qe7 Nc7 33. Qd8+ 1-0

[Event "Bergisch Gladbach-ch 24th"]
[Site "Bergisch Gladbach"]
[Date "2002.08.30"]
[Round "1"]
[White "Themm, Harald"]
[Black "Behle, Burkhard"]
[Result "1/2-1/2"]
[WhiteElo "1676"]
[BlackElo "1921"]
[PlyCount "110"]
[EventDate "2002.08.??"]
[EventType "swiss"]
[EventRounds "7"]
[EventCountry "GER"]
[SourceTitle "EXT 2005"]
[Source "ChessBase"]
[SourceDate "2004.11.15"]
[SourceVersion "1"]
[SourceVersionDate "2004.11.15"]
[SourceQuality "1"]

1. c4 Nf6 2. g3 e5 3. Bg2 d5 4. cxd5 Nxd5 5. Nc3 Nb6 6. Nf3 Nc6 7. 0-0 Be7 8. d3 0-0 9. a3 Be6 10. Bd2 f5 11. b4 Bf6 12. Ne1 Rb8 13. Bxc6 bxc6 14. Qc2 c5 15. e4 c4 16. Be3 cxd3 17. Nxd3 Qe8 18. Nc5 Bc4 19. Rfd1 f4 20. Bc1 f3 21. Be3 Qh5 22. Kh1 Qh3 23. Rg1 Be7 24. Nd5 Bxd5 25. exd5 Rf5 26. g4 Rf7 27. Rg3 Qh4 28. Qe4 Rbf8 29. Ne6 Re8 30. Rxf3 Rxf3 31. Qxf3 Bf6 32. Rg1 h5 33. gxh5 Qc4 34. h6 Qxd5 35. Qxd5 Nxd5 36. Nxg7 Bxg7 37. Rxg7+ Kh8 38. h4 Nxe3 39. fxe3 Re6 40. Rxc7 Ra6 41. Kg2 Rxa3 42. Kf3 Ra4 43. Rb7 a5 44. bxa5 Rxa5 45. Ke4 Ra4+ 46. Kxe5 Rxh4 47. h7 Rh5+ 48. Kd4 Rh4+ 49. Kd5 Rd4+ 50. Kc6 Rd6+ 51. Kc7 Rc6+ 52. Kd8 Rc8+ 53. Kd7 Rd8+ 54. Kc7 Rc8+ 55. Kb6 Rc6+ 1/2-1/2

[Event "Bergisch Gladbach-ch op"]
[Site "Bergisch Gladbach"]
[Date "2001.08.24"]
[Round "2"]
[White "Behle, Burkhard"]
[Black "Arnold, Ingo"]
[Result "1-0"]
[WhiteElo "1923"]
[BlackElo "1808"]
[PlyCount "83"]
[EventDate "2001.08.17"]
[EventType "swiss"]
[EventRounds "7"]
[EventCountry "GER"]
[SourceTitle "EXT 2006"]
[Source "ChessBase"]
[SourceDate "2005.11.24"]
[SourceVersion "1"]
[SourceVersionDate "2005.11.24"]
[SourceQuality "1"]

1. c4 c5 2. Nc3 g6 3. g3 Bg7 4. Bg2 Nc6 5. e3 d6 6. Nge2 Bg4 7. h3 Bxe2 8. Qxe2 Nf6 9. 0-0 0-0 10. b3 a6 11. Bb2 Rb8 12. Rad1 Nd7 13. d3 Qa5 14. Na4 Bxb2 15. Qxb2 Rfc8 16. Qc3 Qd8 17. Qa1 b5 18. Nc3 Nb4 19. f4 e6 20. Ne4 Qe7 21. Rd2 Nc6 22. Nf2 Qf6 23. Qc1 Qe7 24. Kh2 Nf6 25. g4 d5 26. g5 Nh5 27. cxd5 exd5 28. Ng4 d4 29. Qa1 Qd6 30. Re2 Re8 31. Bxc6 Qxc6 32. Ne5 Qd6 33. exd4 cxd4 34. Re4 Rbd8 35. Qe1 Ng7 36. Ng4 Rxe4 37. Qxe4 h5 38. Nf6+ Kf8 39. Rc1 Qa3 40. Rc2 Qe7 41. Nh7+ Ke8 42. Qc6+ 1-0

[Event "Bergisch Gladbach-ch op"]
[Site "Bergisch Gladbach"]
[Date "2001.08.17"]
[Round "1"]
[White "Schueers, Christian"]
[Black "Behle, Burkhard"]
[Result "0-1"]
[WhiteElo "1566"]
[BlackElo "1923"]
[PlyCount "96"]
[EventDate "2001.08.17"]
[EventType "swiss"]
[EventRounds "7"]
[EventCountry "GER"]
[SourceTitle "EXT 2006"]
[Source "ChessBase"]
[SourceDate "2005.11.24"]
[SourceVersion "1"]
[SourceVersionDate "2005.11.24"]
[SourceQuality "1"]

1. d4 d5 2. Nf3 Nf6 3. g3 e6 4. Bg2 Be7 5. 0-0 0-0 6. Nbd2 Nbd7 7. Re1 b6 8. e4 Nxe4 9. Nxe4 dxe4 10. Rxe4 Bb7 11. Re1 c5 12. c3 cxd4 13. Nxd4 Bxg2 14. Kxg2 Rc8 15. f4 Nc5 16. Qf3 Bf6 17. Be3 Qd7 18. Rad1 Qa4 19. a3 Rfd8 20. g4 h6 21. Rf1 Qc4 22. g5 Bxd4 23. Bxd4 hxg5 24. fxg5 Qd5 25. h4 Qxf3+ 26. Kxf3 Na4 27. Rb1 Rd5 28. Kg3 e5 29. Be3 Rd3 30. Rfe1 f5 31. gxf6 gxf6 32. Kf2 Kf7 33. Rg1 Rh8 34. Rg4 b5 35. Bxa7 f5 36. Rb4 Rd2+ 37. Ke3 Rh2 38. Rxb5 R8xh4 39. Kd3 R4h3+ 40. Kc4 Ke6 41. Bb8 Re2 42. Rb4 Rh4+ 43. Kb5 Rxb4+ 44. axb4 Nxb2 45. c4 f4 46. Rf1 Nd3 47. Ba7 e4 48. c5 Rb2 0-1

[Event "Bergisch Gladbach-ch 22nd"]
[Site "Bergisch Gladbach"]
[Date "2000.09.01"]
[Round "4"]
[White "Behle, Burkhard"]
[Black "Mertens, Norbert"]
[Result "0-1"]
[WhiteElo "1959"]
[BlackElo "1683"]
[PlyCount "36"]
[EventDate "2000.08.??"]
[EventType "swiss"]
[EventRounds "7"]
[EventCountry "GER"]
[SourceTitle "EXT 2005"]
[Source "ChessBase"]
[SourceDate "2004.11.15"]
[SourceVersion "1"]
[SourceVersionDate "2004.11.15"]
[SourceQuality "1"]

1. d4 Nf6 2. c4 c5 3. d5 b5 4. cxb5 a6 5. bxa6 Bxa6 6. Nc3 g6 7. e4 Bxf1 8. Kxf1 d6 9. f4 Nbd7 10. Nf3 Bg7 11. Qe2 0-0 12. g3 Qb6 13. Nd2 Nh5 14. Nc4 Qa6 15. Bd2 Ra7 16. Kg2 Re8 17. g4 Bxc3 18. Bxc3 Nxf4+ 0-1